00584nam a2200133 a 450000100100000000500170001000800410002702000150006804000250008308200160010824501160012426001740024030000360041400003419920200930070848.0091012s1947 dr ag 000 0 spa d a9993402168 aDO-SdBNPbspacBNPHU axxxxbH731c00aCanciones dominicanas antiguas /cCompiladas, transcriptas y arregladas para voz y piano por José D. Cerón. aCiudad Trujillo, Dist. de Santo Domingo, República Dominicana :bSecretaría de Estado de Educación y Bellas Artes, Sección de Canje y difución Cultural,c1947. a148 p. :bil., mús. ;c26 cm.